Biggest US cities by Peak population in order - Statistics

General Stats
  • This quiz has been taken 54 times
  • The average score is 11 of 15
Answer Stats
Hint Answer % Correct
3,898,747 Los Angeles
98%
8,804,190 New York City
98%
3,620,962 Chicago
93%
2,304,580 Houston
91%
2,071,605 Philadelphia
84%
1,624,569 Phoenix
80%
1,303,234 Dallas
76%
1,451,853 San Antonio
76%
1,849,568 Detroit
73%
1,385,394 San Diego
73%
1,010,908 San Jose
69%
964,177 Austin
64%
954,614 Jacksonville
64%
949,708 Baltimore
58%
935,508 Fortworth
51%
No matching quizzes found
Score Distribution
Percent of People with Each Score
Percentile by Number Answered
Your Score History
You have not taken this quiz